000 00672nam a2200253Ia 4500
005 20260121153758.0
008 008 260114s9999 xx 000 0 eng d
020 _a9781315407265
037 _aEBOOK
040 _aCRL
040 _beng
040 _cCRL
041 _2eng
041 _aeng
084 _qCRL
100 _aDavid Uwakwe; Catriona Watson; Zach Ward Perkins; J. Christopher Proctor; Liliann Fischer; Joe Hasell
_9999019
245 0 _aRethinking Economics
260 _bTaylor and Francis
260 _c2018
856 _uhttp://www.taylorfrancis.com/books/9781315407265
942 _cEBOOK
999 _c1565840
_d1565840